| 000 | 01102nam1a22003611 4500 | ||
|---|---|---|---|
| 001 | RU\NLR\A1SV\96031 | ||
| 005 | 20260116095843.0 | ||
| 035 | _a(NLR Aleph) 009777384 | ||
| 090 |
_a10080935 _c10080935 |
||
| 100 | _a20260426 rusy50 | ||
| 101 | 0 | _arus | |
| 102 | _aRU | ||
| 200 | 1 |
_aЭтюды по истории приволжских калмыков _fПроф. Н.Н.Пальмов |
|
| 210 |
_aАстрахань _cКалмыц. обл. испол. ком. _d1926-1932 |
||
| 215 | _d22 см | ||
| 316 |
_aОдин из экз. РНБ с автогр. авт. _524/206-3-4а |
||
| 620 | _dАстрахань | ||
| 700 | 1 |
_aПальмов _bН.Н. _f1872-1934 _gНиколай Николаевич |
|
| 801 | 0 |
_aRU _bNLR _c20090626 |
|
| 852 |
_aNLR _j24/206 |
||
| 852 |
_aNLR _j32-17/346-5 |
||
| 852 |
_aNLR _jМф К1/29171-1-2 |
||
| 899 |
_aСОУБ _z(Ч.1) |
||
| 899 | _aКирОУНБ | ||
| 899 | _aРГГУ | ||
| 899 | _aРГБ | ||
| 899 |
_aSLK _z(Ч.1) |
||
| 899 |
_aNDLT _z(Ч.1) |
||
| 899 | _aГПИБ | ||
| 942 | _cBOOK | ||
| 980 | _aA1SV | ||
| 980 | _aNB | ||